000 00287nam a2200145Ia 4500
100 _aHomer
942 _cRB
654 _aASP 3.0
245 _aProfessional ASP 3.0
260 _bShroff Publishers
_c1999
082 _a4.65
_bHOM
300 _a1276
546 _aENGLISH
999 _c18526
_d18526